000 00552cam a22002171 4500
001 sa 68017035
003 DLC
005 20260227112659.0
008 890622m19669999io 100 0 dut
010 _asa 68017035
035 _a(OCoLC)23418613
040 _aDLC
_cMiU
_dDLC
042 _apremarc
043 _aa-io---
050 0 0 _aUA853.I5
_bP7 1966
111 2 _aPra-Seminar Hankam
_n(1st :
_d1966 :
_cDjakarta)
245 0 0 _aHasil achir.
260 _aDjakarta
_c[1966-]
300 _av.
_c33 cm.
651 0 _aIndonesia
_xDefenses
_vCongresses.
999 _c87481
_d87481